00742nam a2200229 i 4500001001000000003000900010005001700019007000300036008004100039020001500080040003000095082001900125245008100144264006900225300002500294336002700319337003300346338002800379490002800407700004300435700003400478000036220DO-SdBNP20250430091009.0ta120111s1997 mx 000 0 spa d a9701801024 aDO-SdBNPbspacBNPHUerda axxxxbL43122200aLazarillo de Tormes /cpresentación Alberto Vital ; notas Ángel Basante. aMéxico :bConsejo Nacional para la Cultura y las artes,c1997. a86 páginasc22 cm. atextobtxt2rdacontent asin mediaciónbn2rdamedia avolumenbnc2rdacarrier1 aClásicos para hoyv201 aVital, Alberto,epresentación4pres.1 aBasante, Ángelenotas4not.